Vida cotidiana y espacios públicos y privados en la capital del virreinato de la Nueva España
Salvato in:
| Autore principale: | |
|---|---|
| Natura: | Libro |
| Lingua: | spagnolo |
| Pubblicazione: |
Ciudad de México
Universidad Nacional Autónoma de México
2008
|
| Soggetti: | |
| Tags: |
Aggiungi Tag
Nessun Tag, puoi essere il primo ad aggiungerne!!
|
MARC
| LEADER | 00000cam a2200000 a 4500 | ||
|---|---|---|---|
| 001 | UCG2760 | ||
| 003 | CL-VaPUC | ||
| 008 | 100723e20080000mx |||||||||||||||||spa|d | ||
| 020 | |a 9709598469 | ||
| 082 | 0 | 4 | |a 711.4093 |b ROD |2 21 |
| 100 | 0 | |a Rodríguez Parga, Juan Luis |e author |9 551361 | |
| 245 | 1 | 0 | |a Vida cotidiana y espacios públicos y privados en la capital del virreinato de la Nueva España |
| 300 | |a 249 p | ||
| 942 | |c BK | ||
| 945 | |d 20100723 00:00:00 |a mfarfan | ||
| 260 | |a Ciudad de México |b Universidad Nacional Autónoma de México |c 2008 | ||
| 650 | 0 | |a Arquitectura colonial |9 266240 | |
| 650 | 0 | |a Viviendas |9 255326 | |
| 650 | 0 | |a Espacios urbanos |9 262902 | |
| 650 | 0 | |a Planificación urbana |9 258176 | |
| 650 | 0 | |a Periodo Colonial |9 257430 | |
| 651 | 0 | |a México |9 255269 | |
| 583 | |a last modification |c 20190704 09:11:10 |k Rodrigo Vera | ||
| 999 | |c 341886 |d 341884 | ||
| 952 | |0 0 |1 0 |4 0 |6 711_409300000000000_ROD_2008 |7 0 |8 A |9 437696 |a BIBHIS |b BIBHIS |d 2019-11-22 |i 4697596 |o 711.4093 ROD 2008 |p 4697596 |r 2025-01-20 |w 2019-11-22 |y BK |k HIS | ||